Bilecik Bilecik Bilecik Bilecik Bilecik

Şölen: sevgi üstüne, Lysis: dostluk üstüne/ (Record no. 38451)

MARC details
000 -BAŞLIK
Sabit Uzunluktaki Kontrol Alanı 00996nam a22003257a 4500
001 - KONTROL NUMARASI
Control Dosyası 0038620
003 - KONTROL NUMARASI KİMLİĞİ
Kontrol Alanı KOHA_MİRAKIL
005 - EN SON İŞLEM TARİHİ ve ZAMANI
Kontrol Alanı 20260207003105.0
007 - FİZİKSEL TANIM SABİT ALAN - GENEL BİLGİ
Sabit uzunluklu kontrol alanı ta
008 - SABİT UZUNLUKTAKİ VERİ ÖGELERİ - GENEL BİLGİ
Sabit Alan 120925b1958 tu |||gr||||#||||0|tur |
040 ## - KATALOGLAMA KAYNAĞI
Özgün Kataloglama Kurumu TR-BiSEU
Kataloglama Dili tur
Çeviri Kurumu TR-BiSEU
Açıklama Kuralları rda
041 0# - DİL KODU
Metin ya da ses kaydının dil kodu tur
044 ## - YAYINLAYAN/ÜRETEN KURULUŞUN ÜLKE KODU
ISO country code tu
050 ## - SINIFLAMA ve YER NUMARASI
Sınıflama Numarası B363
Yer Numarası .E35 1958
100 0# - KİŞİ ADI
Yazar Adı (Kişi adı) Platon.
245 1# - ESER ADI BİLDİRİMİ
Başlık Şölen: sevgi üstüne, Lysis: dostluk üstüne/
Sorumluluk Bildirimi Platon ; Eflatun ; çevirenler: Azra Erhat, Sabahattin Eyuboğlu.
264 #1 - ÜRERİM, YAYIN, DAĞITIM ve TELİF BİLDİRİMİ
Yayın yeri İstanbul :
Yayınlayan Remzi Kitabevi
Yayın tarihi 1958
300 ## - FİZİKSEL TANIMLAMA
Sayfa, Cilt vb. 143 sayfa ;
Boyutları 20 cm.
336 ## - İÇERİK TÜRÜ
Content type term metin
Content type code txt
Source rdacontent
337 ## - MEDYA TÜRÜ
Media type term aracısız
Media type code n
Source rdamedia
338 ## - TAŞIYICI TÜRÜ
Carrier type term cilt
Carrier type code nc
Source rdacarrier
490 1# - DİZİ BİLDİRİMİ
Dizi Bildirimi Remzi Kitabevi.
490 1# - DİZİ BİLDİRİMİ
Dizi Bildirimi Yunan ve Latin klasikleri ;
Cilt Numarası 1
500 ## - GENEL NOT
Genel Not Yazarın bilinen diğer adı Eflatun'dur.
650 #0 - KONU BAŞLIĞI EK GİRİŞ - KONU TERİMİ
Konusal terim veya coğrafi ad Ethics.
9 (RLIN) 7403
650 #0 - KONU BAŞLIĞI EK GİRİŞ - KONU TERİMİ
Konusal terim veya coğrafi ad Ahlak.
9 (RLIN) 5831
830 1# - SERİ EK GİRİŞİ - TEKBİÇİM ESER ADI
Tekbiçim Başlık Remzi Kitabevi.
9 (RLIN) 35366
830 1# - SERİ EK GİRİŞİ - TEKBİÇİM ESER ADI
Tekbiçim Başlık Yunan ve Latin klasikleri ;
Volume number/sequential designation 1
9 (RLIN) 72075
942 ## - EK GİRİŞ ÖGELERİ (KOHA)
Source of classification or shelving scheme Library of Congress Classification
Koha item type Book
Holdings
Materyal Türü Kalıcı Konum Mevcut Konum Raf Yeri Sınıflandırma Kaynağı Edinim Bilgisi Ana Konular Alt Konular Yer Numarası Demirbaş Numarası Fatura Tarihi Geri Çekilme Durumu Kayıp Durumu Hasarlı Durumu Kredi için değil Kayıt Tarih Toplam Ödünçverme Son Görülme Tarihi Son Kontrol Tarihi Genel / Bağış Notu
Book Prof. Dr. Azmi Özcan Kütüphanesi Prof. Dr. Azmi Özcan Kütüphanesi Uluğbey Salonu Library of Congress Classification Bağış FELSEFE, PSİKOLOJİ, DİN Felsefe (Genel) B363 .E35 1958 0038620 02/02/2026         25/09/2012   18/06/2025 18/06/2025 Harun Tuncel, Akademisyen